Normal view
MARC view
Entry Personal Name
001 - CONTROL NUMBER
- control field: 528689
003 - CONTROL NUMBER IDENTIFIER
- control field: OSt
005 - DATE AND TIME OF LATEST TRANSACTION
- control field: 20220930071611.0
008 - FIXED-LENGTH DATA ELEMENTS
- fixed length control field: 220930|| aca||aabn | a|a d
040 ## - CATALOGING SOURCE
- Original cataloging agency: OSt
- Transcribing agency: OSt
100 ## - HEADING--PERSONAL NAME
- Personal name: Sharma Tara Chand
670 ## - SOURCE DATA FOUND
- Source citation: Work cat.: (OSt)862544: Sharma Tara Chand, Madhya kaleen hindi aur gujrati kavyay mein vaatsalyay varnan, 1975
